Ozzy Osbourne- Mama I'm Coming Home Lyrics - Statistics

General Stats
  • This quiz has been taken 93 times
  • The average score is 168 of 223
Answer Stats
Answer % Correct
home
98%
coming
96%
I
96%
I'm
96%
Mama
96%
the
96%
The
96%
a
94%
You
91%
you
91%
me
89%
Times
89%
times
89%
Time's
89%
to
89%
and
87%
by
87%
By
87%
have
87%
same
85%
be
83%
ain't
81%
are
81%
in
81%
Yeah
81%
yeah
81%
your
81%
but
80%
But
80%
changed
80%
took
80%
come
78%
it
78%
It
78%
out
78%
strange
78%
been
76%
could
76%
Here
76%
friend
74%
seems
74%
better
72%
had
70%
eyes
69%
fire
65%
gone
65%
around
61%
face
61%
Cause
59%
don't
59%
seen
59%
wrong
59%
care
57%
found
57%
hypnotized
57%
I've
57%
Lost
57%
right
57%
say
57%
so
57%
about
56%
lies
56%
long
56%
can't
54%
it's
54%
made
54%
told
54%
turned
54%
hundred
52%
sunshine
52%
drove
50%
all
48%
cry
48%
day
48%
Every
48%
stand
48%
thousand
48%
we've
48%
goodbye
46%
of
46%
apart
44%
bad
44%
this
44%
take
43%
gonna
41%
hurts
39%
got
37%
love
37%
heart
35%
Selfish
35%
we're
35%
just
33%
before
31%
stone
31%
alone
30%
both
28%
fall
22%
ride
22%
No matching quizzes found
Score Distribution
Percent of People with Each Score
Percentile by Number Answered
Your Score History
You have not taken this quiz